000 00357nam a2200133Ia 4500
008 240624s9999 xx 000 0 und d
041 _aeng
082 _a658.4012 BAI
100 _aBAISYA RAJAT KANTI
245 _aWINNING STRATEGIES FOR BUSINESS
260 _c2011
_aNew Delhi
_bResponse Books
300 _axxviii, : 256 : p. : cm. ; 22
365 _cRS
_b30
999 _c19815
_d19815